000
00321 a2200157 4500
001
73945
020
_a
8478387382
040
_c
Anchieta - Colégio São Paulo
100
_a
Levi, Peter
240
1
0
_a
Grécia
_l
por
245
1
0
_a
Grécia
300
_a
110
362
0
_a
1996
650
4
_a
Grécia até 323
942
_c
BK
999
_c
73945
_d
73945